Valuing for right to buy (Record no. 117265)

MARC details
000 -LEADER
fixed length control field 01422cam a2200241 4500
001 - CONTROL NUMBER
control field WB4016-19
008 - FIXED-LENGTH DATA ELEMENTS--GENERAL INFORMATION
fixed length control field 040428n2004 000 0 eng u
035 ## - SYSTEM CONTROL NUMBER
System control number (Sirsi) u126049
245 ## - TITLE STATEMENT
Title Valuing for right to buy
260 ## - PUBLICATION, DISTRIBUTION, ETC.
Date of publication, distribution, etc. 2004
490 ## - SERIES STATEMENT
Series statement ODPM Housing Research Summary
Volume/sequential designation (209) 27 March 2004 (6)
520 ## - SUMMARY, ETC.
Summary, etc. ODPM-commissioned research reviewing the valuation process in sales of local authority housing to sitting tenants has been published. Tenants dissatisfied with their landlord's valuation of their home for right to buy can obtain a binding second opinion from the district valuer. The number of these appeals has increased significantly in England in recent years. The report "Valuation for right to buy" produced by the College of Estate Management examines the reasons why tenants appeal against landlords' valuations and the extent of variation between these and those of district valuers. The full report is available at http://www.odpm.gov.uk/stellent/groups/odpm_housin g/documents/page/odpm_house_028427.hcsp. http://www.odpm.gov.uk/stellent/groups/odpm_housin g/documents/page/odpm_house_028413.hcsp
590 ## - LOCAL NOTE (RLIN)
Local note WB
590 ## - LOCAL NOTE (RLIN)
Local note WB
650 ## - SUBJECT ADDED ENTRY--TOPICAL TERM
Topical term or geographic name entry element LANDLORDS
650 ## - SUBJECT ADDED ENTRY--TOPICAL TERM
Topical term or geographic name entry element RIGHT TO BUY
650 ## - SUBJECT ADDED ENTRY--TOPICAL TERM
Topical term or geographic name entry element SITTING TENANTS
650 ## - SUBJECT ADDED ENTRY--TOPICAL TERM
Topical term or geographic name entry element COUNCIL HOUSING
650 ## - SUBJECT ADDED ENTRY--TOPICAL TERM
Topical term or geographic name entry element SOCIAL HOUSING
650 ## - SUBJECT ADDED ENTRY--TOPICAL TERM
Topical term or geographic name entry element DISTRICT VALUERS
690 ## - LOCAL SUBJECT ADDED ENTRY--TOPICAL TERM (OCLC, RLIN)
Topical term or geographic name as entry element VALUATION AND INVESTMENT APPRAISAL-RESIDENTIAL
942 ## - ADDED ENTRY ELEMENTS (KOHA)
Suppress in OPAC 0
Holdings
Withdrawn status Lost status Source of classification or shelving scheme Damaged status Not for loan Home library Current library Shelving location Date acquired Total Checkouts Full call number Barcode Date last seen Copy number Price effective from Koha item type
    Dewey Decimal Classification     London London News article 28/04/2004   WB4016-19 126049-1001 06/08/2019 1 06/08/2019 News article